LEADER 01079nam0-2200325---450- 001 990009779090403321 005 20140318090931.0 035 $a000977909 035 $aFED01000977909 035 $a(Aleph)000977909FED01 035 $a000977909 100 $a20131023d1993----km-y0itay50------ba 101 0 $aita 102 $aIT 105 $a--------001yy 200 1 $aCodice commentato della imposizione fiscale sulle società e annuario fiscale delle società 1993$eindici generali integrati$fCalogero Vinci-Luciana Maria Vinci-Francesco Ciampi 210 $aMilano$cCEDAM$d1994 215 $a205 P.$d22 Cm. 700 1$aVinci,$bCalogero$0107166 701 1$aVinci,$bLuciana Maria Vinci$0521153 701 1$aCiampi,$bFrancesco$0128066 801 0$aIT$bUNINA$gRICA$2UNIMARC 901 $aBK 912 $a990009779090403321 952 $aDT IX-52$b13701$fDEC 952 $aDT XI/52$b13701$fDEC 959 $aDEC 959 $aDEC 996 $aCodice commentato della imposizione fiscale sulle società e annuario fiscale delle società 1993$9832797 997 $aUNINA